00740nam a2200169Ia 4500001001100000003000500011008004100016010001100057040000900068100004000077245020200117260003400319300002300353502010500376700003900481710005000520Para_10396CHAP220125sMayo xx 000 0 und d a209154 cCHAP aGómez Hernández, Félix Miguel aDiagnóstico de síntomas de declinamieto en fresno (Fraxinus udhei) y cedro blanco (Cupressus lusitánica) en Chapingo /c Félix Miguel Gómez Hernández; Director Bertha Tlapal Bolaños aChapingo, Méx. :b el autor a1 CDS ROM (s/n p.) aTesis (Ing. Agr. Esp. en Parasitología Agrícola). UACh. Departamento Parasitología Agrícola aTlapal Bolaños, Bertha. Director aUACh Departamento Parasitología Agrícola